| 000 | 00924nam a2200241 a 4500 | ||
|---|---|---|---|
| 001 | 000005404 | ||
| 005 | 20200929151652.0 | ||
| 008 | 090819s1992 dr abc 001 0 spa d | ||
| 020 | _z84000728220 | ||
| 040 |
_aDO-SdBNP _bspa _cBNPHU |
||
| 082 |
_a972.8731 _bM534c |
||
| 100 | 1 |
_aMena García, María del Carmen _915339 |
|
| 245 | 1 | 3 |
_aLa ciudad en un cruce de caminos : Panamá y sus orígenes urbanos / _cMaría del Carmen Mena García. |
| 260 |
_aSevilla, España : _bEscuela de Estudios Hispano-Americanos, _c1992. |
||
| 300 |
_a338 p. : _bil., mapas, retrs. ; _c25 cm. |
||
| 504 | _aIncluye bibliografía y notas al pie de páginas. | ||
| 504 | _aBibliografía: p.305-317. | ||
| 650 | 4 |
_aUrbanismo _z(Panama : Ciudad{Rpara} _xHistoria _915340 |
|
| 650 | 4 |
_aCiudades y pueblos _zPanama _915341 |
|
| 650 | 4 |
_aArquitectura colonial _zPanama _xHistoria _915342 |
|
| 910 | _aValidado. Control de calidad EMS | ||
| 049 | _aBNPD | ||
| 999 |
_c5204 _d5204 |
||